000
00310nam a22001337a 4500
008
181217b xxu||||| |||| 00| 0 eng d
020
_a
0815191758
041
_a
eng
080
_a
617
100
_a
5
101
_a
KIR
245
_a
Complications in Cardiothoracic Surgery
_c
Waldhausen,J.A
942
_2
udc
_c
BK
999
_c
53176
_d
53176